000 00250nam a2200109Ia 4500
008 190216s9999||||xx |||||||||||||| ||und||
100 _aCherukad
245 0 _aMalayalam-Sneha Bandangal
260 _bCurrent Books
650 _aMalayalam
942 _cBK
999 _c24015
_d24015